Psychologické aspekty vplyvu médií na ekonomickú mobilitu v podnikaní

Psychologické aspekty vplyvu médií a ich pôsobenie na ekonomickú mobilitu v podnikaní. Charakteristika a význam médi, ako nositeľov informácií spolu s ich dôležitým postavením v podnikateľskom a marketingovom prostredí.

Salvato in:
Dettagli Bibliografici
Autore principale: Soroková, Tatiana
Altri autori: Petríková, Daniela
Natura: Capitolo di libro
Lingua:slovacco
Soggetti:
Tags: Aggiungi Tag
Nessun Tag, puoi essere il primo ad aggiungerne!!

MARC

LEADER 00000nla a2200000 4500
001 0200284
005 20240417075057.3
041 0 |a slo 
044 |a SK 
245 1 0 |a Psychologické aspekty vplyvu médií na ekonomickú mobilitu v podnikaní  |c Tatiana Soroková, Daniela Petríková 
520 |a Psychologické aspekty vplyvu médií a ich pôsobenie na ekonomickú mobilitu v podnikaní. Charakteristika a význam médi, ako nositeľov informácií spolu s ich dôležitým postavením v podnikateľskom a marketingovom prostredí. 
610 2 0 |a médiá 
610 2 0 |a reklama 
610 2 0 |a komunikácia masmediálna 
610 2 0 |a technika oznamovacia 
610 2 0 |a internet 
610 2 0 |a siete mobilné 
610 2 0 |a podnikanie 
100 1 |a Soroková, Tatiana 
700 1 |a Petríková, Daniela